000 01512cam a22003617a 4500
003 CHAP
005 20220817043619.0
008 000207d1998 uy a r 00010 eng d
010 _a79783
011 _a80755
035 _a91209
040 _cCHAP
090 _aFolleto 15718
110 1 _aPrograma Cooperativo para el Desarrollo Tecnológico Agropecuario del Cono Sur
245 0 _aPautas para diseñar nuevas formas de organización y financiamiento de los sitemas de innovación agropecuaria y agroindustrial en el Cono Sur
_c/por Programa Cooperativo para el Desarrollo Tecnológico Agropecuario del Cono Sur
260 _aMontevideo, Uruguay
_bInstituto Interamericano de Cooperación para la Agricultura,
_c1998.
300 _a53 p. :
_bilus. ; gráfs., mapas
500 _aTexto en inglés
590 _aBATCH-UPD
_b10
_c20130110
_lUCH01
_h0418
590 _aBATCH-UPD
_b10
_c20130110
_lUCH01
_h2014
590 _aBATCH-UPD
_b10
_c20130410
_lUCH01
_h0052
590 _aBATCH-UPD
_b10
_c20130913
_lUCH01
_h2113
590 _aBATCH-UPD
_b10
_c20130914
_lUCH01
_h1654
590 _aCONVERSION
_b10
_c20130109
_lUCH01
_h1344
650 1 4 _aAgricultura
_xInnovaciones tecnológicas.
_91565
650 1 4 _aAgricultura
_xInvestigación
_zAmérica del Sur.
_91696
650 1 4 _aInvestigación
_xFinanciamiento.
_960233
901 _aBK
905 _aBlanca M. García O.
942 _cFOLL
949 _aFolleto 15718
_bBC
_cFOLL
_d912091
_eTS1
_i91209
_sb
949 _aFolleto 15718
_bBC
_cFOLL
_d912092
_eTS2
_fc.2
_i91209
_sb
999 _c79783
_d79783